Event management in sport, recreation and tourism: (Record no. 547)

MARC details
000 -LEADER
fixed length control field 00775nam a22002297a 4500
005 - DATE AND TIME OF LATEST TRANSACTION
control field 20230610011554.0
008 - FIXED-LENGTH DATA ELEMENTS--GENERAL INFORMATION
fixed length control field 230117b |||||||| |||| 00| 0 eng d
020 ## - INTERNATIONAL STANDARD BOOK NUMBER
International Standard Book Number 978-1-138-23476-5
082 ## - DEWEY DECIMAL CLASSIFICATION NUMBER
Classification number 394.2 Ev93 2017
100 ## - MAIN ENTRY--PERSONAL NAME
Personal name Mallen, Cheryl
Relator term editor
245 ## - TITLE STATEMENT
Title Event management in sport, recreation and tourism:
Remainder of title theoretical and practical dimension /
Statement of responsibility, etc. edited by Cheryl Mallen and Lorne J. Adams
250 ## - EDITION STATEMENT
Edition statement 3rd ed.
260 ## - PUBLICATION, DISTRIBUTION, ETC.
Place of publication, distribution, etc. Oxon,OX:
Name of publisher, distributor, etc. Routledge,
Date of publication, distribution, etc. c2017.
300 ## - PHYSICAL DESCRIPTION
Extent xix, 271p.;
Other physical details ill.
504 ## - BIBLIOGRAPHY, ETC. NOTE
Bibliography, etc. note Includes index and references
541 ## - IMMEDIATE SOURCE OF ACQUISITION NOTE
Accession number 6946
650 ## - SUBJECT ADDED ENTRY--TOPICAL TERM
Topical term or geographic name entry element Special events - Managements
650 ## - SUBJECT ADDED ENTRY--TOPICAL TERM
Topical term or geographic name entry element Sports administration
650 ## - SUBJECT ADDED ENTRY--TOPICAL TERM
Topical term or geographic name entry element Recreation - Management
650 ## - SUBJECT ADDED ENTRY--TOPICAL TERM
Topical term or geographic name entry element Tourist trade - Management
700 ## - ADDED ENTRY--PERSONAL NAME
Personal name Adams, Lorne J.
Relator term editor
Holdings
Withdrawn status Lost status Source of classification or shelving scheme Damaged status Not for loan Home library Current library Date acquired Total Checkouts Full call number Barcode Date last seen Copy number Price effective from Koha item type
    Dewey Decimal Classification     ctu-moalboal ctu-moalboal 03/03/2021   394.2 Ev93 2017 6946 01/17/2023 1 01/17/2023 Books-Reference